000 00436nam a2200169Ia 4500
003 GCL
008 140319s9999 xx 000 0 eng d
040 _aGCL /
_cGCL
082 0 4 _a759
_bK M
100 1 _aKAGAN, ANDRIN
245 1 0 _aMARC CHAGALL /
_cKAGAN, ANDRIN
260 _a[S.N] :
_bABBEVILLE PRESS PUBLISHERS ،
_c1989
300 _a128 P
650 0 4 _aCHAGALL, MARC,1887- 1985
650 0 4 _aARTIST - RUSSIA
942 _2ddc
_cBK
999 _c10472
_d10472